Електронна книготърговия (Запис номер 93819)
[ съкратено ]
| 000 -Лидер | |
|---|---|
| Контролно поле с фиксирана дължина | 01922nam a2200397 c 4500 |
| 003 - Код на организацията, давaща контролен номер | |
| Контролно поле | BLK |
| 005 - Дата и час на последна редакция | |
| Контролно поле | 20180420225526.0 |
| 008 - Елементи от данни с фиксирана дължина | |
| fixed length control field | 180408b bul|||||r ||||||| ||bul|| |
| 010 ## - Наследен системен номер | |
| LC control number | KNG00098629000 |
| 020 ## - Международен стандартен номер на книга ISBN | |
| Международен стандартен номер на книга ISBN | 978-954-07-2610-6 |
| -- | издат.: Унив. изд. Св. Климент Охридски |
| 040 ## - Източник на каталожния запис | |
| Идентификатор на билиотеката - собственик на записа | BLK |
| 041 ## - Код за език | |
| Код за езика на текст/звукозапис или на отделно заглавие | Български |
| Код за езика КДБФ | Български |
| 072 #7 - Код за тематичната категория | |
| Код организация | bullib |
| Код за тематична категория | Н33 |
| Текст | Икономика Н |
| 080 ## - УДК | |
| Текстов определител УДК | Общи въпроси на търговията. Пазар |
| УДК код - определител по УДК | 339.1 |
| УДК определител | :681.324(075.8) |
| УДК - код + определител | 339.1:681.324(075.8) |
| 080 ## - УДК | |
| Текстов определител УДК | Организация и техника на търговията. Стоки. Обслужване |
| УДК код - определител по УДК | 658.6 |
| УДК определител | :681.324(075.8) |
| УДК - код + определител | 658.6:681.324(075.8) |
| 080 ## - УДК | |
| Текстов определител УДК | Организация на продажбата |
| УДК код - определител по УДК | 655.56 |
| УДК определител | :681.324(075.8) |
| УДК - код + определител | 655.56:681.324(075.8) |
| 100 1# - Редна дума - Автор | |
| Автор | Павловска, Елена Юлиевна |
| Авторска отговорност | първи автор |
| R(LIN) | 305625 |
| 139 ## - Редно поле | |
| Редна дума | Павловска, Елена Юлиевна |
| Авторски знак | Павло - П 13 |
| 245 10 - Сведения за заглавието | |
| Заглавие | Електронна книготърговия |
| Редно поле (дума) | Елена Юлиевна Павловска. |
| 257 ## - Страна на издаване | |
| Страна на създаване/издаване | България |
| 260 ## - Област на издателските данни | |
| -- | София |
| Име на издателя, разпространителя и проч. | Унив. изд. Св. Климент Охридски |
| Година на издаване | 2006 |
| 300 ## - Физическа характеристика | |
| Страници | 252 с. |
| Илюстрации и др. | с диагр., сх., ил. |
| Размери/Мащаб | 24 см |
| 380 ## - Жанр | |
| Жанр | Обществени науки |
| 500 ## - Общи забележки | |
| Забележка | Други загл. : Электронная книготорговля ; Electronic book commerce. - Съдържа и Кратък терминологичен речник. - Библиогр. с. 239-243 ; Рез. на рус., англ. ез. |
| 650 #4 - Допълнително описание по предмет – тема | |
| Основно описание – тема или топоним | Интернет - приложение |
| 9 (RLIN) | 271476 |
| 650 #4 - Допълнително описание по предмет – тема | |
| Основно описание – тема или топоним | Книжна търговия |
| 9 (RLIN) | 299801 |
| 653 ## - Ключова дума – ненормативна | |
| Ключова дума | електронна търговия |
| 653 ## - Ключова дума – ненормативна | |
| Ключова дума | Интернет |
| 653 ## - Ключова дума – ненормативна | |
| Ключова дума | учебници за ВУЗ |
| 659 ## - Тематичен бюлетин | |
| Тематичен бюлетин | Н |
| 852 ## - Местоположение | |
| Форматна сигнатура | Цб 250264 |
| 856 4# - Електронен адрес и достъп | |
| Електронен формат | pdf - файл |
| Път до файла /url/ | |
| 856 4# - Електронен адрес и достъп | |
| Електронен формат | pdf - файл |
| Път до файла /url/ | |
| 942 ## - АРТИКУЛИ | |
| Вид на библиотечния материал | Книги |
| Скрит в OPAC | Не |
| 944 ## - СЪЗДАВАНЕ И РЕДАКЦИЯ на ЗАПИСА | |
| Създаване/Редакция | Създаване |
| Дата на регистрацията/редакция | 11.12.2010 |
| Служител, извършил регистрацията/редакцията | Милена_Ачева |
| 944 ## - СЪЗДАВАНЕ И РЕДАКЦИЯ на ЗАПИСА | |
| Създаване/Редакция | Редакция |
| Дата на регистрацията/редакция | 23.02.2011 |
| Служител, извършил регистрацията/редакцията | |
| 999 ## - СИСТЕМНИ КОНТРОЛНИ НОМЕРА | |
| Koha biblionumber | 93819 |
| Koha biblioitemnumber | 93819 |
| Код за отписване | Код за изгубен артикул | Код за повреда | Коз за рестрикции | Код за отдаване | Артикулен № | Име на библиотеката - собственик | Име на библиотеката, в която се намира в момента | Статус (Текущо местоположение) | Дата на вписване в системата | Местоположение - отдел | Цена в лева | Инвентарен номер | Систематично азбучна сигнатура | Баркод | Номер на екземпляра | Цена в евро | Служебна бележка | Служебен тип на артикула |
|---|---|---|---|---|---|---|---|---|---|---|---|---|---|---|---|---|---|---|
| Не е изгубен | Не е повреден | без рестрикции | ползва се в читалня | 150665 | Регионална библиотека "Любен Каравелов" Русе | Регионална библиотека "Любен Каравелов" Русе | Хранилище | 2010-12-10 | Хранилище | 15.00 | 120000748118 | Цб 250264 | 120000748118 | 1 | 7.67 | Дост: Dp Вид: Д N: 15 Дата: 07.04.2010 | Книги |